| 000 | 00704nam a2200217Ia 4500 | ||
|---|---|---|---|
| 003 | OSt | ||
| 005 | 20220923221834.0 | ||
| 006 | a|||||r|||| 00| 0 | ||
| 007 | ta | ||
| 008 | 220922b |||||||| |||| 00| 0 mar d | ||
| 024 | _a200,374 | ||
| 037 | _cTextual | ||
| 040 |
_aARTS _cARTS _bmar |
||
| 041 |
_2mar _amar |
||
| 082 | _aQ41:22522, 155G0.1 | ||
| 100 |
_aजोशी, चिंतामण विनायक _9160180 |
||
| 245 | 0 | _aजातकांतीन निवडक गोष्टी | |
| 246 | _aJātakāantīn nivaḍak goṣhṭī | ||
| 942 |
_hQ41:22522, 155G0.1 _cTEXL _2CC |
||
| 999 |
_c352046 _d352046 |
||